000 00306nam a22001337a 4500
008 170130b xxu||||| |||| 00| 0 eng d
020 _a072168381
041 _aeng
080 _23RD
_a61
100 _a3
101 _aSHMI
245 _aRECOGNIZABLE PATTERNS OF HUMAN MALFORMATION
_cSMITH
942 _2udc
_cBK
999 _c4009
_d4009